|
|
|
|
| LEADER |
00000nam0a2200000 4500 |
| 001 |
295044 |
| 005 |
20231102000752.0 |
| 035 |
|
|
|a (RuTPU)RU\TPU\book\320120
|
| 090 |
|
|
|a 295044
|
| 100 |
|
|
|a 20150520d1983 km y0rusy50 ca
|
| 101 |
0 |
|
|a rus
|
| 102 |
|
|
|a RU
|
| 105 |
|
|
|a a z 001zy
|
| 200 |
1 |
|
|a Современные проблемы электрификации и электроэнергетики
|e сборник научных трудов
|f Энергетический научно-исследовательский институт им. Г.М. Кржижановского (ЭНИН)
|
| 210 |
|
|
|a Москва
|c [Б. и.]
|d 1983
|
| 215 |
|
|
|a 170 с.
|c ил.
|
| 320 |
|
|
|a Библиография в конце статей
|
| 606 |
1 |
|
|a Электрификация
|2 stltpush
|3 (RuTPU)RU\TPU\subj\26830
|9 50671
|
| 610 |
1 |
|
|a прогнозирование
|
| 610 |
1 |
|
|a народное хозяйство
|
| 610 |
1 |
|
|a отрасли промышленности
|
| 610 |
1 |
|
|a непроизводственная сфера
|
| 610 |
1 |
|
|a региональные особенности
|
| 610 |
1 |
|
|a электроэнергетика
|
| 610 |
1 |
|
|a топливный баланс
|
| 610 |
1 |
|
|a оптимизация
|
| 610 |
1 |
|
|a энергосистемы
|
| 610 |
1 |
|
|a надежность
|
| 675 |
|
|
|a 621.311.1
|v 4
|
| 712 |
0 |
2 |
|a Энергетический научно-исследовательский институт им. Г.М. Кржижановского (ЭНИН)
|c (Москва)
|c (1961-1993)
|2 stltpush
|3 (RuTPU)RU\TPU\col\3004
|
| 801 |
|
1 |
|a RU
|b 63413507
|c 20150520
|
| 801 |
|
2 |
|a RU
|b 63413507
|c 20190326
|g RCR
|
| 942 |
|
|
|c BK
|